000 00394nam a2200169Ia 4500
003 OSt
005 20240215101412.0
008 170619s9999 xx 000 0 und d
020 _a9780198062295
040 _cIIMT ENGINEERING COLLEGE
100 _aSADIKU MATTHEW
245 0 _aPRINCIPLES OF ELECTROMAGNETICS
260 _bOxford
260 _c2009
546 _aENGLISH
942 _2ddc
_c02
999 _c19025
_d19025